=LDR 00000nam 2200000 4500 =001 INLIS00000000000037 =005 20260702043538 =020 ##$$a 978-602-5858-15-4 =082 ##$$a 012.378 =100 1#$$a Widiastuty, Sari Dewi =245 1 $$a Hijrah Cinta /$c Sari Dewi Widiastuty =300 ##$$a 116 hlm ; 13 x 19 cm